Glamour's : big book of dos & dont's :
| Main Author: | |
|---|---|
| Format: | Book |
| Published: |
New York :
Gotham Books ,
2006
|
| Subjects: |
MARC
| LEADER | 00000cam a2200000 7i4500 | ||
|---|---|---|---|
| 001 | 0000020043 | ||
| 005 | 20080620.0 | ||
| 008 | 080620 | ||
| 020 | |a 159240233X | ||
| 090 | 0 | 0 | |a 391.2 |b LEI |
| 100 | 1 | |a Leive, Cindi | |
| 245 | 1 | 0 | |a Glamour's : |b big book of dos & dont's : |b fashion help for every woman |c Cindi Leive |
| 260 | |a New York : |b Gotham Books , |c 2006 | ||
| 650 | 0 | |a Clothing and dress | |
| 650 | 0 | |a Fashion | |
| 999 | |a 0001017622 |b Book |c Adult Collection |e Perbadanan Perpustakaan Awam Johor | ||